| 000 | 00663nam a22002057a 4500 | ||
|---|---|---|---|
| 999 |
_c1531 _d1531 |
||
| 003 | AR-CdUCM | ||
| 008 | 190227b ||||| |||| 00| 0 esp d | ||
| 020 | _aISBN | ||
| 040 |
_aMUNICIPALIDAD PROVINCIAL DEL CUSCO _cBIBLIOTECA MUNICIPAL DEL CUSCO |
||
| 082 |
_a869.508 / _bF 1 |
||
| 245 |
_aCuentistas arequipeños / _cselección y nota de Vladimiro Bermejo. |
||
| 260 |
_aArequipa : _bEdit. Lumen, _c1958. |
||
| 300 |
_a135 paginas ; _c18 cm. |
||
| 505 | _aEl rapto de Miz-Miz -- El alma de ella -- El ultimo gol ... | ||
| 650 |
_aCabalista. _95769 |
||
| 650 |
_aMago. _95770 |
||
| 650 |
_aRepantigo. _95771 |
||
| 942 |
_2ddc _cLIBROS |
||
| 945 |
_aacrt _d2019-02-27 |
||